| 000 | 00000nam 2200000zi 4500 |
| 001 | 9.958105 |
| 003 | CaOODSP |
| 005 | 20260303081329 |
| 006 | m o d f |
| 007 | cr mn||||||||| |
| 008 | 251209e202512##onc ob f000 0 eng d |
| 040 | |aCaOODSP|beng|erda|cCaOODSP |
| 043 | |an-cn--- |
| 045 | |ay1y2 |
| 086 | 1 |aXC16-1/1-451-4E-PDF |
| 110 | 1 |aCanada. |bParliament. |bHouse of Commons. |bStanding Committee on Public Accounts, |eauthor, |eissuing body. |
| 245 | 10|aForests and climate change : |breport of the Standing Committee on Public Accounts / |cJohn Williamson, chair. |
| 246 | 13|aForests and climate change |
| 264 | 1|a[Ottawa] : |bHouse of Commons, Canada = Chambre des communes, Canada, |cDecember 2025. |
| 300 | |a1 online resource (vii, 35 pages). |
| 336 | |atext|btxt|2rdacontent |
| 337 | |acomputer|bc|2rdamedia |
| 338 | |aonline resource|bcr|2rdacarrier |
| 490 | 1 |aReport of the Standing Committee on Public Accounts ; 4th report, 45th Parliament, 1st Session |
| 500 | |aIssued also in French under title: Les forêts et les changements climatiques : rapport du Comité permanent des comptes publics. |
| 500 | |aOriginal published on: 2025/12/08. Republished on: 2025/12/09. |
| 500 | |a"45th Parliament, 1st Session." |
| 500 | |a"Fourth report"--Page vii. |
| 504 | |aIncludes bibliographical references. |
| 520 | |a"The Commissioner for the Environment and Sustainable Development reported in a 2023 performance audit that Natural Resources Canada, working with Environment and Climate Change Canada, did not adequately design and implement the federal program to plant 2 billion trees. The federal government cancelled its program on 4 November 2025. This now (moot) report of the Standing Committee on Public Accounts was nonetheless presented in the House of Commons. It includes recommendations with no practical relevance given the program was abandoned but fulfills the committee's work to consider this audit"--Provided by publisher. |
| 610 | 10|aCanada. |bNatural Resources Canada|xAuditing. |
| 610 | 10|aCanada. |bEnvironment and Climate Change Canada|xAuditing. |
| 650 | 0|aTree planting|zCanada|xFinance. |
| 650 | 0|aTree planting|xGovernment policy|zCanada. |
| 650 | 0|aForest products industry|xEnvironmental aspects|zCanada. |
| 650 | 0|aGreenhouse gas mitigation|xGovernment policy|zCanada. |
| 700 | 1 |aWilliamson, John, |d1970- |
| 775 | 08|tLes forêts et les changements climatiques : |w(CaOODSP)9.958113 |
| 830 | #0|aReport of the Standing Committee on Public Accounts ;|v4th report, 45th Parliament, 1st Session.|w(CaOODSP)9.505304 |
| 856 | 40|qPDF|s2.76 MB|uhttps://publications.gc.ca/collections/collection_2025/parl/xc16-1/XC16-1-1-451-4-eng.pdf |
| 856 | 4 |qHTML|sN/A|uhttps://www.ourcommons.ca/DocumentViewer/en/45-1/PACP/report-4/ |